Top 100 Baby Girl Names England Quiz Stats

 Plays Quiz not verified by Sporcle

Score 0/100 Timer 10:00
0 Plays Today
Rank Name % Correct
57EMMA
91.9%
4EMILY
90.5%
2OLIVIA
87.8%
8JESSICA
87.8%
16ELLA
86.5%
37ELIZABETH
86.5%
47ELIZA
86.5%
70ANNA
86.5%
92ISABEL
86.5%
59HANNAH
85.1%
7ISABELLA
82.4%
11GRACE
82.4%
6AVA
81.1%
19CHLOE
81.1%
23CHARLOTTE
81.1%
62ROSE
81.1%
95SARAH
81.1%
96SARA
81.1%
25ALICE
79.7%
27EVA
78.4%
1AMELIA
77%
10SOPHIE
77%
13MIA
77%
18ISABELLE
77%
43ELLIE
77%
46ABIGAIL
77%
97JULIA
77%
99ZOE
75.7%
9LILY
74.3%
12SOPHIA
74.3%
30LUCY
74.3%
98VICTORIA
73%
31EVELYN
71.6%
77KATIE
71.6%
Rank Name % Correct
15RUBY
70.3%
82AMY
68.9%
33ROSIE
67.6%
73MARIA
66.2%
45MAYA
64.9%
52BELLA
64.9%
3ISLA
63.5%
5POPPY
63.5%
78LEAH
63.5%
65MEGAN
62.2%
24DAISY
60.8%
42ERIN
60.8%
41MOLLY
59.5%
60ELEANOR
59.5%
71VIOLET
59.5%
14EVIE
58.1%
49JASMINE
58.1%
66GRACIE
58.1%
39HOLLY
56.8%
28SOFIA
55.4%
88FAITH
55.4%
54IVY
54.1%
40LILLY
52.7%
17SCARLETT
51.4%
21FREYA
50%
38LAYLA
48.6%
48GEORGIA
48.6%
55AMBER
47.3%
29MILLIE
45.9%
35LOLA
43.2%
75BROOKE
43.2%
32ELSIE
41.9%
53ANNABELLE
41.9%
86BETHANY
41.9%
Rank Name % Correct
61HARRIET
40.5%
26FLORENCE
39.2%
20SIENNA
37.8%
44MAISIE
37.8%
58SUMMER
37.8%
83MOLLIE
37.8%
94LYDIA
37.8%
34IMOGEN
36.5%
36MATILDA
36.5%
81HOLLIE
36.5%
89HARPER
36.5%
22PHOEBE
35.1%
51WILLOW
35.1%
56EMILIA
35.1%
67ZARA
33.8%
69MARTHA
31.1%
64LEXI
29.7%
50ESME
28.4%
84HEIDI
28.4%
87FRANCESCA
28.4%
63AMELIE
27%
91BEATRICE
27%
93DARCY
27%
84LOTTIE
25.7%
80DARCIE
23%
90NANCY
23%
68LACEY
21.6%
72DARCEY
20.3%
76AISHA
20.3%
74MARYAM
14.9%
79THEA
8.1%
100ROBYN
5.4%

You're not logged in!

Compare scores with friends on all Sporcle quizzes.
OR
Log In

Sporcle TV

Today on Sporcle TV


Watch our educational content, quiz creation guides, and fun videos on Sporcle TV.

Show Comments

Extras

Created Aug 19, 2015SourceReportNominate
Tags:Baby Names Quiz

Top Quizzes Today


Score Distribution

Your Account Isn't Verified!

In order to create a playlist on Sporcle, you need to verify the email address you used during registration. Go to your Sporcle Settings to finish the process.

Report this User

Report this user for behavior that violates our Community Guidelines.

Details: